Contradicciones del desarrollo político chileno, 1920-1990
Uloženo v:
| Hlavní autor: | |
|---|---|
| Médium: | Kniha |
| Jazyk: | španělština |
| Vydáno: |
Santiago
LOM
2009
|
| Vydání: | 1a. ed |
| Edice: | Colección Historia
|
| Témata: | |
| Tagy: |
Přidat tag
Žádné tagy, Buďte první, kdo vytvoří štítek k tomuto záznamu!
|
MARC
| LEADER | 00000nam a2200000 a 4500 | ||
|---|---|---|---|
| 001 | UCH9160 | ||
| 003 | CL-VaPUC | ||
| 008 | 091224e20090000CL |||||||||||||||||spa|d | ||
| 020 | |a 9789560000750 | ||
| 082 | 0 | 4 | |a 320 |b MOU |2 21 |
| 100 | |a Moulian Emparanza, Tomás |e autor |9 563337 | ||
| 245 | 1 | 0 | |a Contradicciones del desarrollo político chileno, 1920-1990 |
| 250 | |a 1a. ed | ||
| 300 | |a 174 p | ||
| 942 | |c BK | ||
| 945 | |d 20091224 00:00:00 |a cmena | ||
| 260 | |a Santiago |b LOM |c 2009 | ||
| 650 | 0 | |a Historia política |9 256974 | |
| 650 | 0 | |a Historia social |9 313638 | |
| 650 | 0 | |a Ideologías políticas |9 255735 | |
| 650 | 0 | |a Política y gobierno |9 255151 | |
| 651 | 7 | |a CHILE |2 CL-VaPUC |9 546088 | |
| 583 | |a last modification |c 20091224 00:00:00 |k Rodrigo Vera | ||
| 490 | 0 | |a Colección Historia | |
| 999 | |c 339221 |d 339219 | ||
| 952 | |0 0 |1 0 |4 0 |6 320_000000000000000_MOU_2009 |7 0 |8 C |9 432714 |a BIBCUR |b BIBCUR |d 2019-11-22 |i 4602536 |o 320 MOU 2009 |p 4602536 |r 2025-04-22 |w 2019-11-22 |y BK |k CAC | ||